[Event "7th Altibox Norway Chess Armageddon 2019"]
[Site "Stavanger"]
[Date "2019.06.14"]
[Round "9.2"]
[White "Anand, Viswanathan"]
[Black "Aronian, Levon"]
[Result "1/2-1/2"]
[WhiteElo "2767"]
[BlackElo "2752"]
[Annotator "TA"]
[PlyCount "81"]
[EventDate "2019.06.04"]
[EventType "tourn"]
[EventCountry "NOR"]
[SourceTitle "playchess.com"]
[Source "ChessBase"]
[SourceQuality "1"]

{[%evp 13,81,25,20,12,21,5,25,30,39,30,39,32,34,47,39,32,49,40,44,38,36,36,45,-25,-8,0,14,0,11,0,31,30,94,79,68,64,65,68,88,105,73,28,86,51,119,71,184,0,0,-101,-80,-182,-162,-172,-157,-156,-105,-215,-127,-199,-199,-268,-292,-319,-276,-319,-303,-282,-248,-218]} 1. e4 e5 2. Nf3 Nc6 3. Bc4 Bc5 4. c3 Nf6 5. d3 O-O 6. O-O a6 7. a4 d6 8. Nbd2 {C54: Giuoco Piano: 4 c3 Nf6, main lines with 5 d4 and 5 d3} (8. Re1 h6 9. h3 a5 10. Nbd2 Be6 11. b3 d5 12. exd5 Nxd5 13. Ne4 Bb6 14. Ra2 f5 15. Ng3 Qf6 16. Nxe5 Nxe5 {½-½ (40) Ding,L (2813)-Anand,V (2773) Wijk aan Zee 2019}) 8... Ba7 9. h3 Kh8 (9... Ne7 10. Re1 Ng6 11. Bb3 Re8 12. d4 h6 13. Bc2 c6 14. Nf1 d5 15. Nxe5 Nxe5 16. dxe5 Nxe4 17. Bxe4 dxe4 18. Qxd8 Rxd8 {½-½ (34) Anand,V (2770)-Aronian,L (2792) Saint Louis 2016}) 10. b4 {White has an edge.} Ng8 $146 ({Predecessor:} 10... d5 11. exd5 Nxd5 12. Ne4 f5 13. Neg5 Nxc3 14. Qe1 e4 15. dxe4 Nxe4 16. Nxe4 fxe4 {0-1 (32) Rasch,H (2301)-Derichs,R (2307) Germany 2008}) 11. Bb3 f5 12. b5 axb5 13. axb5 Bxf2+ 14. Rxf2 Rxa1 15. bxc6 bxc6 16. Qc2 Qe7 17. Ba2 Be6 18. Nb3 (18. c4 $14) 18... Bxb3 $11 19. Bxb3 f4 20. Kh2 Nf6 21. Bb2 Raa8 (21... Ra6 {with more complications.} 22. d4 Rb6 23. Bc1 h6 24. Re2 Rfb8) 22. d4 exd4 (22... Rfb8 $11) 23. Re2 d3 24. Qxd3 {aiming for e5.} Nd7 25. c4 {[%mdl 1024] White has compensation.} Rab8 26. Qc3 Qf6 27. Qc1 Qe6 (27... Ne5 $1 $11 {remains equal.} 28. Bxe5 dxe5) 28. Ba4 Nc5 (28... Ne5 $14) 29. Bxc6 Rb6 (29... Nd3 $16 30. Qc3 Nxb2 31. Rxb2 Rxb2 32. Qxb2 Qxc4) 30. Bd5 $2 (30. Qc3 $18 {[%csl Gb2][%cal Rc3g7]} Qg6 31. Nd4) 30... Qg6 {Hoping for ...c6.} 31. Bd4 (31. e5 $1 $11 c6 32. Qc2 Qxc2 33. Rxc2 cxd5 34. cxd5) 31... c6 $36 {[%mdl 2048] Black is really pushing.} 32. Bxc5 (32. Qc2 $17 {is a better defense.} cxd5 33. exd5) 32... dxc5 $19 33. Qe1 cxd5 34. cxd5 h6 (34... Rb3 $142 35. e5 Rb1) 35. e5 (35. Ne5 $17 Qe8 36. Nf3) 35... Rb3 (35... Rb1 $19 36. Nh4 Qd3) 36. e6 {[#]} (36. d6 $17 Rd3 37. Re4) 36... Rd3 $1 37. Ne5 (37. Rd2 $142 Re3 38. Qf2) 37... Qg3+ 38. Kg1 Rxd5 39. Qxg3 fxg3 40. Ng6+ Kh7 {[#] ( -> ...Rd1+)} 41. Nxf8+ {[%mdl 32768] Accuracy: White = 42%, Black = 43%. . Loss on time!?} 1/2-1/2

[Event "7th Altibox Norway Chess Armageddon 2019"]
[Site "Stavanger"]
[Date "2019.06.14"]
[Round "9.3"]
[White "So, Wesley"]
[Black "Vachier-Lagrave, Maxime"]
[Result "1-0"]
[WhiteElo "2754"]
[BlackElo "2779"]
[Annotator "TA"]
[PlyCount "89"]
[EventDate "2019.06.04"]
[EventType "tourn"]
[EventCountry "NOR"]
[SourceTitle "playchess.com"]
[Source "ChessBase"]
[SourceQuality "1"]

{[%evp 10,89,20,11,16,2,29,10,12,3,6,0,14,0,0,0,0,0,0,0,23,0,56,-29,0,-18,-23,-95,-68,-82,-83,-100,0,-93,-107,-97,-94,-65,-66,-50,22,22,25,48,366,356,387,364,507,479,956,918,1097,1098,1091,1088,1075,1056,1328,1312,1133,951,950,910,866,861,854,833,5712,5712,5711,2303,29965,29964,29969,29970,29972,29972,29975,29974,29974,29970]} 1. d4 Nf6 2. c4 g6 3. Nf3 Bg7 4. e3 O-O 5. Be2 d6 6. Nc3 Bf5 {E61: King's Indian: Early deviations for White, including Smyslov System} 7. O-O a5 8. Nd2 $146 ({Predecessor:} 8. b3 Nc6 9. Bb2 Ne4 10. Nxe4 Bxe4 11. Nd2 Bf5 12. Rc1 e5 13. d5 Nb4 14. e4 {0-1 (39) Dominguez Perez,L (2739)-Vachier Lagrave,M (2779) chess.com INT 2018}) 8... e5 {The position is equal.} 9. d5 Na6 10. e4 Bd7 11. a3 Nc5 12. b3 c6 13. Rb1 cxd5 14. cxd5 Qc7 15. Re1 Rfc8 (15... a4 $11) 16. f3 (16. a4 $14) 16... Bh6 ({Weaker is} 16... Nd3 17. Bxd3 Qb6+ 18. Kh1 $16) 17. Kh1 a4 $1 18. b4 {[#]} (18. Nb5 $1 $11 {remains equal.} Bxb5 19. Bxb5) 18... Bxd2 $1 $17 19. Bxd2 Nb3 20. Bg5 Nh5 (20... Kg7 $17 21. Bb5 Qxc3 22. Bxf6+ Kxf6 23. Bxd7 Rc4) 21. Na2 (21. Bb5 $1 $11) 21... Qc2 22. Qxc2 Rxc2 23. Nc1 f6 24. Nxb3 fxg5 ({Better is} 24... axb3 $15 25. Be3 Rxa3) 25. Na5 $11 Nf4 26. Bf1 Rac8 $2 {[%mdl 8192]} (26... b6 $1 $14 27. Nc4 Bb5 28. Nxb6 Bxf1 29. Rxf1 Ra6) 27. Nxb7 $18 R8c3 28. Nxd6 Rxa3 29. b5 Rb3 (29... Rac3 $142 30. b6 Bc8) 30. b6 Rcb2 31. Rxb2 Rxb2 32. b7 Rb6 33. g3 Nh3 34. Rc1 Kf8 35. Rc8+ Ke7 36. b8=Q Rxb8 37. Rxb8 Kxd6 {[%mdl 4096] Endgame KRB-KBN} 38. Rd8 Kc7 {[#]} 39. Rxd7+ $1 {[%mdl 512]} Kxd7 40. Bxh3+ {KB-KP} g4 {[#]} 41. Bf1 $1 {[%cal Rf1b5] White mates.} ({Don't blunder} 41. Bxg4+ $2 Kd6 $19) 41... a3 42. Bc4 gxf3 43. Kg1 g5 44. g4 Kd6 45. Kf2 {Accuracy: White = 65%, Black = 28%.} 1-0

[Event "7th Altibox Norway Chess Armageddon 2019"]
[Site "Stavanger"]
[Date "2019.06.14"]
[Round "9.5"]
[White "Ding, Liren"]
[Black "Grischuk, Alexander"]
[Result "1/2-1/2"]
[WhiteElo "2805"]
[BlackElo "2775"]
[Annotator "TA"]
[PlyCount "86"]
[EventDate "2019.06.04"]
[EventType "tourn"]
[EventCountry "NOR"]
[SourceTitle "playchess.com"]
[Source "ChessBase"]
[SourceQuality "1"]

{[%evp 14,86,0,6,25,-4,4,0,0,0,0,0,9,-53,-51,-119,-104,-167,-168,-179,-167,-391,-194,-244,-207,-221,-210,-218,-206,-262,-260,-429,-232,-229,-224,-240,-242,-381,-259,-272,-163,-158,-162,-165,-163,-173,-143,-168,-156,-185,-173,-204,-192,-190,-151,-285,-293,-296,-264,-337,-135,-98,-52,-52,-52,-65,-34,-37,-42,-52,-28,-28,-28,-28,-7]} 1. d4 Nf6 2. c4 g6 3. g3 c6 4. Bg2 d5 5. Nf3 Bg7 6. O-O O-O 7. b3 dxc4 8. bxc4 c5 $1 {D78: Fianchetto Grünfeld: 6 0-0 c6} 9. Na3 (9. Bb2 cxd4 10. Nxd4 Qb6 11. Qc1 Nc6 12. Nxc6 bxc6 13. Nd2 Rd8 14. Nb3 Qc7 15. Bd4 Rb8 16. Qc3 Ne8 17. Bxg7 Nxg7 18. Qa5 Ne8 19. Qxc7 Nxc7 20. Bxc6 {½-½ (75) Vidit,S (2718)-So,W (2780) chess.com INT 2018}) 9... Bf5 $146 ({Predecessor:} 9... Nc6 10. d5 Ne4 11. Bf4 Nb4 12. Nb5 Bd7 13. Bc7 Qe8 14. Be5 Bxb5 15. Bxg7 Kxg7 16. cxb5 Qxb5 17. Qb3 c4 18. Qe3 Nf6 19. Rab1 Qa4 20. d6 exd6 21. Nd4 Nbd5 22. Bxd5 {½-½ (22) Troia,E (2304)-Hybl,V (2382) ICCF email 2016}) 10. Bb2 cxd4 {The position is equal.} 11. Nxd4 Be4 12. f3 Bc6 13. e4 (13. e3 $11) 13... Qb6 $15 14. Qb3 {[#]} (14. Rf2 $15) 14... Nxe4 $1 $17 15. Rad1 (15. Qxb6 $17 axb6 16. fxe4 Bxd4+ 17. Bxd4 Rxa3 18. Bh3) 15... Nc5 $19 16. Qxb6 axb6 17. Nab5 $2 (17. Rd2) 17... Rxa2 (17... Bxb5 $142 18. cxb5 Rxa2) 18. Bc3 Nbd7 19. Rf2 Rxf2 20. Kxf2 Ra8 21. Rd2 Bxb5 22. cxb5 $2 {[#]} (22. Nxb5 Bxc3 23. Nxc3) 22... Nf6 (22... Ra3 $142 23. Bb4 Nd3+ 24. Rxd3 Rxd3) 23. Ne2 e6 24. Bd4 Nd5 {Strongly threatening ...Nb3.} 25. f4 (25. Bxc5 {is a better defense.} bxc5 26. f4) 25... Bxd4+ 26. Rxd4 Ra2 (26... Nf6 $142 {And now ...Ng4+ would win.} 27. Bf3 Ra2 28. Rd8+ Kg7) 27. Bxd5 exd5 28. Rxd5 {[%mdl 4096] Endgame KRN-KRN} Rb2 29. Kf3 Rxb5 30. f5 Rb3+ 31. Kg4 Rd3 32. Re5 Kg7 33. Nf4 Rd6 34. Re7 (34. Re1 $17 {was necessary.}) 34... Kf6 35. Rc7 gxf5+ 36. Kh5 Ne6 (36... Rd2 $19 {is more deadly.} 37. h3 Rd6) 37. Rxb7 $17 Nxf4+ (37... Rc6 {keeps more tension.} 38. Nxe6 fxe6 39. Rxh7 Rc2 40. Rh6+ Ke5) 38. gxf4 {KR-KR} Kg7 39. Kg5 Rg6+ 40. Kxf5 Rh6 41. Kg5 Rxh2 {Hoping for ...Rb2.} 42. Rxb6 Rg2+ 43. Kf5 Rg6 {Accuracy: White = 29%, Black = 50%.} 1/2-1/2